000 00301nam a22001097a 4500
008 260422b |||||||| |||| 00| 0 eng d
100 _aBhagvatpad, Shrimadanandatirtha
245 _aTatvadyota
260 _aBangalore
_bDwaitavedanta Studies and Research Foundation
_c2008
300 _a404p
942 _2ddc
999 _c1260
_d1260